Diario de su residencia en Chile (1822) y de su viaje al Brasil (1823) (Registro nro. 75158)
[ vista simple ]
| 000 -LEADER | |
|---|---|
| campo de control de longitud fija | 00639nam a2200193 i 4500 |
| 001 - NÚMERO DE CONTROL | |
| campo de control | 75158 |
| 003 - IDENTIFICADOR DE NÚMERO DE CONTROL | |
| campo de control | ES-MaACL |
| 007 - CAMPO FIJO DE DESCRIPCIÓN FÍSICA--INFORMACIÓN GENERAL | |
| campo de control de longitud fija | t| |
| 008 - DATOS DE LONGITUD FIJA--INFORMACIÓN GENERAL | |
| campo de control de longitud fija | 040922s1916 sp ||||1| spa d |
| 100 1# - ENTRADA PRINCIPAL--NOMBRE DE PERSONA | |
| Nombre de persona | Graham, María. |
| 9 (RLIN) | 59523 |
| 245 10 - MENCIÓN DEL TÍTULO | |
| Título | Diario de su residencia en Chile (1822) y de su viaje al Brasil (1823) |
| Resto del título | : San Martín, Cochrane, O'Higgins / |
| Mención de responsabilidad, etc. | María Graham ; prólogo de Juan Concha. |
| 260 ## - PUBLICACIÓN, DISTRIBUCIÓN, ETC. | |
| Lugar de publicación, distribución, etc. | Madrid : |
| Nombre del editor, distribuidor, etc. | Editorial Americana, |
| Fecha de publicación, distribución, etc. | [1916] |
| 300 ## - DESCRIPCIÓN FÍSICA | |
| Extensión | 481 p. ; |
| Dimensiones | 23 cm. |
| 490 1# - MENCIÓN DE SERIE | |
| Mención de serie | Biblioteca Ayacucho |
| 700 1# - ENTRADA AGREGADA--NOMBRE PERSONAL | |
| Nombre de persona | Concha, Juan. |
| 9 (RLIN) | 40073 |
| 830 0# - PUNTO DE ACCESO ADICIONAL DE SERIE-TÍTULO UNIFORME | |
| Título uniforme | Biblioteca Ayacucho |
| 9 (RLIN) | 177888 |
| 852 ## - LOCALIZACIÓN | |
| Ubicación | ES-MaACL |
| Número de control de estantería | G-5388 |
| Estatus retirado | Estado de pérdida | Estado de daño | No para préstamo | Biblioteca de origen | Biblioteca actual | Ubicación en estantería | Fecha de adquisición | Fuente de adquisición | Total de préstamos | Signatura topográfica completa | Código de barras | Visto por última vez | Precio de reemplazo | Tipo de ítem Koha |
|---|---|---|---|---|---|---|---|---|---|---|---|---|---|---|
| Biblioteca del Ateneo de Madrid | Biblioteca del Ateneo de Madrid | Depósito 2 | 17/01/2008 | G-5388 | 1078665 | 23/02/2023 | 23/02/2023 | Libro impreso |
